Ako sa brániť manipulácii

Dobrý manažér nemanipuluje svojimi podriadenými. Mohlo by sa to nepríjemne prejaviť na celkovej pohode na pracovisku. Potreba rospoznania, kedy ide o manipuláciu a kedy len o motiváciu.

Saved in:
Bibliographic Details
Main Author: Prodaj, Martin
Format: Book Chapter
Language:Slovak
Subjects:
Tags: Add Tag
No Tags, Be the first to tag this record!

MARC

LEADER 00000naa$a2200000$$$4500
001 0093213
005 20230912093844.9
041 0 |a slo 
044 |a SK 
245 1 0 |a Ako sa brániť manipulácii  |c Martin Prodaj 
520 |a Dobrý manažér nemanipuluje svojimi podriadenými. Mohlo by sa to nepríjemne prejaviť na celkovej pohode na pracovisku. Potreba rospoznania, kedy ide o manipuláciu a kedy len o motiváciu. 
610 2 0 |a manažéri 
610 2 0 |a podriadení 
610 2 0 |a motivácia pracovná 
610 2 0 |a pracovisko 
100 1 |a Prodaj, Martin